MARC
| LEADER | 00000cam^a2200000uu^4500 | ||
|---|---|---|---|
| 001 | 000470583 | ||
| 005 | 20250521000000.0 | ||
| 008 | 050901s1971^^^^^^^^^^^^rd^r^^000^0^eng^d | ||
| 009 | 20260310124603.797 | ||
| 035 | |a FCE 000013371 | ||
| 035 | |a FCE 001149 | ||
| 037 | |a Acervo ITESO - Biblioteca | ||
| 041 | |a eng | ||
| 082 | 0 | 4 | |a 375.0 |b W156t |
| 100 | |a Weinstein, Gerard |e (autor) | ||
| 245 | 1 | 0 | |a Toward humanistic education : |b a curriculum of effect. |
| 264 | |a New York : |b Praeger Publishing, |c 1971. | ||
| 300 | |a 228 p. | ||
| 336 | |a texto |b txt |2 rdacontenido | ||
| 337 | |a sin mediación |b n |2 rdamedio | ||
| 338 | |a volumen |b nc |2 rdasoporte | ||
| 649 | |a XX | ||
| 650 | |a Humanismo | ||
| 650 | |a Currículo | ||
| 700 | |a Fantini, Mario D. |e (autor) | ||
| 910 | |a Fondo Centro de Estudios Educativos | ||
| 920 | |a Impresos - Libros | ||
| 930 | |a Fondos Especiales | ||
| 905 | |a 133 | ||
| 901 | |a ALE001149 |b IT2 |c CEE |u 20250521 | ||
| 901 | |a ALE042634 |b IT2 |c CEE |u 20250521 | ||
| 902 | |a https://opac.biblio.iteso.mx/vufind/Record/000470583 | ||